[Event "GER-ch 93rd"]
[Site "Magdeburg"]
[Date "2022.08.20"]
[Round "9"]
[White "Parvanyan, Alfred"]
[Black "Farokhi, Keyvan"]
[Result "1/2-1/2"]
[WhiteElo "2151"]
[BlackElo "2313"]
[EventDate "2022.08.14"]
[PlyCount "241"]

1. Nf3 Nf6 2. g3 b5 3. Bg2 Bb7 4. O-O e6 5. d3 c5 6. Nbd2 d6 7. e4 Nbd7 8. Qe2 Be7 9. d4 a6 10. c3 O-O 11. h4 Rc8 12. a4 Qb6 13. a5 Qc7 14. Ng5 cxd4 15. cxd4 Nb8 16. e5 dxe5 17. dxe5 Nfd7 18. Ndf3 h6 19. Ne4 Qc4 20. Qxc4 bxc4 21. Nd6 Bxd6 22. exd6 Rfd8 23. Bf4 Nc5 24. Rfd1 Nd3 25. Ne5 Bxg2 26. Kxg2 Nxb2 27. d7 Rc5 28. Rd6 Nd3 29. Nxd3 cxd3 30. Rb1 Nxd7 31. Rxd3 Rd5 32. Rxd5 exd5 33. Rb6 g5 34. hxg5 hxg5 35. Bxg5 Nxb6 36. Bxd8 Nc4 37. Kf3 Kf8 38. Kf4 Ke8 39. Bf6 Kd7 40. Bc3 Kc6 41. g4 Kc5 42. Kf5 d4 43. Be1 Kd5 44. g5 Ne5 45. Bd2 d3 46. Kf6 Ke4 47. f4 Nf3 48. Bc1 Nd4 49. Bd2 Nb3 50. Kxf7 Nxd2 51. g6 Nf3 52. g7 d2 53. g8=Q d1=Q 54. Qg6+ Kxf4 55. Qf6+ Ke4 56. Qg6+ Kf4 57. Qf6+ Ke4 58. Qg6+ Ke3 59. Qe6+ Kf2 60. Qxa6 Qd5+ 61. Ke7 Qe5+ 62. Kd7 Qg7+ 63. Kc8 Qf8+ 64. Kb7 Qe7+ 65. Kb8 Qd8+ 66. Kb7 Qd7+ 67. Kb8 Nd4 68. Qb6 Ke2 69. Qc7 Qe8+ 70. Kb7 Qb5+ 71. Qb6 Qd7+ 72. Qc7 Qd5+ 73. Kc8 Nb5 74. Qe7+ Kf3 75. Qf6+ Ke4 76. Qe7+ Kd4 77. Qd7 Nd6+ 78. Kd8 Qxa5+ 79. Ke7 Qe5+ 80. Qe6 Nf5+ 81. Kd7 Qg7+ 82. Kc6 Qg2+ 83. Kc7 Qc2+ 84. Kd7 Qa4+ 85. Qc6 Qa5 86. Qf6+ Ke4 87. Qc6+ Kd3 88. Qf3+ Ne3 89. Qc6 Kd4 90. Qf6+ Ke4 91. Qe6+ Kf4 92. Qd6+ Kf3 93. Qf6+ Ke2 94. Qb2+ Kd3 95. Qb3+ Kd2 96. Qb2+ Nc2 97. Qb7 Qf5+ 98. Kc7 Qf7+ 99. Kb6 Qf2+ 100. Kc7 Qf4+ 101. Kd7 Nb4 102. Qc7 Qf5+ 103. Kd6 Kd3 104. Qd7 Qh5 105. Ke6+ Kc4 106. Qc7+ Kb3 107. Qg3+ Ka4 108. Qe5 Qg4+ 109. Kd6 Qg6+ 110. Qe6 Qd3+ 111. Ke5 Kb5 112. Qf5 Qd8 113. Ke4+ Kc4 114. Qe6+ Kc5 115. Qe5+ Kc4 116. Qe6+ Kc3 117. Qe5+ Kc2 118. Qc5+ Kb3 119. Qe3+ Kc2 120. Qc5+ Kd1 121. Qd4+ 1/2-1/2

[Event "GER-ch 93rd"]
[Site "Magdeburg"]
[Date "2022.08.20"]
[Round "9"]
[White "Parvanyan, Ashot"]
[Black "Costa, Leonardo"]
[Result "0-1"]
[WhiteElo "2424"]
[BlackElo "2326"]
[EventDate "2022.08.14"]
[PlyCount "78"]

1. Nf3 Nf6 2. c4 g6 3. g3 Bg7 4. Bg2 O-O 5. O-O d6 6. d4 Nbd7 7. Nc3 e5 8. h3 Re8 9. e4 exd4 10. Nxd4 a6 11. Be3 Rb8 12. a4 Nc5 13. Qc2 Qe7 14. Rfe1 Bd7 15. Nb3 Nxb3 16. Qxb3 Bc6 17. a5 Nd7 18. Nd5 Bxd5 19. cxd5 c5 20. dxc6 bxc6 21. Qc4 Bxb2 22. Rab1 Nc5 23. Bxc5 dxc5 24. Qxa6 Bc3 25. Red1 Qf6 26. Qa7 Rxb1 27. Rxb1 Bd4 28. Rf1 c4 29. Qb7 c3 30. Kh2 h5 31. f4 h4 32. e5 hxg3+ 33. Kxg3 Qf5 34. Bxc6 Rxe5 35. Qb8+ Kg7 36. Qd8 Re3+ 37. Rf3 Bf6 38. Qc7 Re1 39. Bd7 Qb1 0-1

[Event "GER-ch 93rd"]
[Site "Magdeburg"]
[Date "2022.08.20"]
[Round "9"]
[White "Richter, Nils"]
[Black "Carlstedt, Jonathan"]
[Result "1-0"]
[WhiteElo "2328"]
[BlackElo "2439"]
[EventDate "2022.08.14"]
[PlyCount "75"]

1. d4 Nf6 2. c4 e6 3. Nc3 Bb4 4. e3 O-O 5. Bd3 d5 6. cxd5 exd5 7. a3 Bd6 8. Qc2 b6 9. b4 Re8 10. Nge2 c6 11. O-O a5 12. bxa5 Rxa5 13. Ng3 Ba6 14. a4 Bxd3 15. Qxd3 Nbd7 16. Bd2 g6 17. f3 Ra7 18. Rae1 Re6 19. Nge2 Bf8 20. Nf4 Re8 21. e4 dxe4 22. fxe4 Bh6 23. Qh3 Bxf4 24. Bxf4 Nf8 25. d5 Nh5 26. Bh6 cxd5 27. Nxd5 Qd7 28. Qf3 Re6 29. g4 Ng7 30. Qc3 Ne8 31. Bxf8 Rc6 32. Ne7+ Qxe7 33. Qxc6 Kxf8 34. e5 Kg8 35. e6 f5 36. gxf5 Rc7 37. Qg2 Rc5 38. f6 1-0

[Event "GER-ch 93rd"]
[Site "Magdeburg"]
[Date "2022.08.20"]
[Round "9"]
[White "Schulz, Lukas"]
[Black "Langheinrich, Ferenc"]
[Result "1/2-1/2"]
[WhiteElo "2271"]
[BlackElo "2357"]
[EventDate "2022.08.14"]
[PlyCount "53"]

1. e4 g6 2. Nc3 Bg7 3. Bc4 d6 4. h4 h5 5. Nh3 Bg4 6. f3 Bxh3 7. Rxh3 Nc6 8. a3 e6 9. d3 Bf6 10. g3 Qd7 11. Bg5 O-O-O 12. Qe2 Qe7 13. Bxf6 Qxf6 14. O-O-O Nge7 15. Rhh1 Kb8 16. Ba2 d5 17. Qf2 Qd4 18. Rhf1 Qxf2 19. Rxf2 d4 20. Ne2 Ne5 21. Ng1 c5 22. Nh3 b5 23. Ng5 Rhf8 24. Nh7 Rh8 25. Ng5 Rhf8 26. Nh7 Rh8 27. Ng5 1/2-1/2

[Event "GER-ch 93rd"]
[Site "Magdeburg"]
[Date "2022.08.20"]
[Round "9"]
[White "Stricker, Florian"]
[Black "Malek, Daniel"]
[Result "0-1"]
[WhiteElo "2182"]
[BlackElo "2365"]
[EventDate "2022.08.14"]
[PlyCount "192"]

1. e4 c6 2. d4 d5 3. e5 Bf5 4. h4 h6 5. g4 Be4 6. f3 Bh7 7. e6 Qd6 8. exf7+ Kxf7 9. f4 Nf6 10. Nf3 Nxg4 11. Bh3 h5 12. Ne5+ Ke8 13. Bxg4 hxg4 14. Qxg4 Be4 15. Qc8+ Qd8 16. Qe6 Qd6 17. Qc8+ Qd8 18. Qe6 Qd6 19. Qf7+ Kd8 20. Rh2 Nd7 21. Nc3 Nxe5 22. fxe5 Qg6 23. Qf2 e6 24. Bg5+ Be7 25. Bxe7+ Kxe7 26. O-O-O Raf8 27. Qe1 Bf3 28. Ne2 Kd7 29. Qb4 Kc8 30. Rg1 Qh6+ 31. Kb1 Bxe2 32. Rxe2 Qxh4 33. a4 Rf7 34. Reg2 Rh7 35. Rg6 Qe7 36. Qd2 Rh4 37. c3 c5 38. dxc5 Qxc5 39. Qg5 Qe7 40. Rxe6 Qxe6 41. Qxh4 Qxe5 42. Re1 Qf6 43. Qb4 b6 44. Qb5 Qf5+ 45. Ka2 Qd7 46. Qb4 Qc7 47. Kb3 Kb7 48. Re8 Qc5 49. Qg4 Rc7 50. Qf5 b5 51. Rd8 Qc4+ 52. Kc2 Qxa4+ 53. Kc1 Qe4 54. Rxd5 Qxf5 55. Rxf5 Kc6 56. Rg5 Rb7 57. Kc2 Kd6 58. Kd3 Ke6 59. Ke4 Kf7 60. Rc5 Kf6 61. Kf4 Rb6 62. Rc8 Re6 63. Rc7 g5+ 64. Kg4 a6 65. Rc5 Re4+ 66. Kf3 Rc4 67. Rd5 Rf4+ 68. Kg3 Kg6 69. Rd6+ Rf6 70. Rd8 Re6 71. Kg4 Re4+ 72. Kf3 Ra4 73. Rg8+ Kf5 74. Re8 g4+ 75. Kg3 Re4 76. Rf8+ Ke5 77. Ra8 Ra4 78. Rc8 Ke4 79. Kxg4 Kd3+ 80. Kf5 Ra2 81. b4 Rc2 82. Ra8 Kxc3 83. Rxa6 Kxb4 84. Ke4 Kc3 85. Rc6+ Kb3 86. Rb6 b4 87. Kd3 Rc8 88. Kd2 Ka3 89. Ra6+ Kb2 90. Rb6 Rd8+ 91. Ke3 b3 92. Rc6 Ka2 93. Rh6 b2 94. Ra6+ Kb1 95. Ke2 Rd5 96. Ra8 Kc2 0-1

[Event "GER-ch 93rd"]
[Site "Magdeburg"]
[Date "2022.08.20"]
[Round "9"]
[White "Wachinger, Nikolas"]
[Black "Vogel, Roven"]
[Result "1/2-1/2"]
[WhiteElo "2442"]
[BlackElo "2459"]
[EventDate "2022.08.14"]
[PlyCount "71"]

1. e4 e5 2. Nf3 Nc6 3. Bb5 a6 4. Ba4 Nf6 5. O-O Be7 6. Re1 b5 7. Bb3 O-O 8. h3 Bb7 9. d3 d5 10. exd5 Nxd5 11. Nbd2 Nd4 12. a4 Nxb3 13. Nxb3 c5 14. axb5 axb5 15. Rxa8 Bxa8 16. Nxe5 f6 17. Nf3 Nb4 18. Bd2 Nc6 19. Bf4 Rf7 20. d4 c4 21. Nc5 Nb4 22. c3 Bxc5 23. dxc5 Nd3 24. Re3 Qd5 25. Bd6 h6 26. b3 Ra7 27. bxc4 bxc4 28. Re8+ Kh7 29. Qe2 Bc6 30. Re7 Rxe7 31. Qxe7 Nb2 32. Qe2 Nd3 33. Qe3 Nb2 34. Qe2 Nd3 35. Qe3 Nb2 36. Qe2 1/2-1/2

[Event "GER-ch 93rd"]
[Site "Magdeburg"]
[Date "2022.08.20"]
[Round "9"]
[White "Yi, Danny"]
[Black "Westphal, Wolfgang"]
[Result "1-0"]
[WhiteElo "2273"]
[BlackElo "2175"]
[EventDate "2022.08.14"]
[PlyCount "59"]

1. e4 c5 2. Nf3 Nc6 3. d4 cxd4 4. Nxd4 e5 5. Nb5 a6 6. Nd6+ Bxd6 7. Qxd6 Qf6 8. Qd2 Qg6 9. Nc3 Nge7 10. b3 d5 11. f3 d4 12. Na4 b5 13. Nb6 Rb8 14. Nxc8 Rxc8 15. a4 Qd6 16. axb5 Nb4 17. Ba3 a5 18. Bxb4 axb4 19. Ra6 Qc5 20. Bc4 O-O 21. Ke2 Ra8 22. Rha1 Rxa6 23. Rxa6 d3+ 24. Qxd3 Qg1 25. Kd2 Qxg2+ 26. Kc1 Ng6 27. b6 Qg5+ 28. Kb2 Rd8 29. b7 Nf8 30. Ra8 1-0